| 000 | 00386cam a2200145u 4500 | ||
|---|---|---|---|
| 082 |
_a940.5477961 _bCLA _c30,P-167 |
||
| 100 | 1 |
_aClark, Mark W. _948986 |
|
| 245 | 0 | 0 |
_aCalculated risk. _cGeneral Mark Clark |
| 250 | _a[1st ed.] | ||
| 260 |
_aLondon _bHarper _c[1950] |
||
| 300 |
_a478 p.: _c22 cm. |
||
| 526 |
_a0 _b0 _c0 _d940_547796100000000_CLA |
||
| 650 |
_aMCE _9379 |
||
| 942 |
_2ddc _cBK |
||
| 999 |
_c551828 _d551828 |
||